[Event "Africa-ch (Women)"]
[Site "Maputo"]
[Date "2011.06.07"]
[Round "4"]
[White "Tlale, Tshepang"]
[Black "Solomons, Anzel"]
[Result "0-1"]
[WhiteElo "1739"]
[BlackElo "1914"]
[PlyCount "126"]
[EventDate "2011.06.03"]
[EventType "swiss"]
[EventRounds "9"]
[EventCountry "MOZ"]
[SourceTitle "CBM 142 Extra"]
[Source "ChessBase"]
[SourceDate "2011.06.27"]
[SourceVersion "1"]
[SourceVersionDate "2011.06.27"]
[SourceQuality "1"]

1. e4 e5 2. Nc3 Nf6 3. Bc4 Bc5 4. d3 Nc6 5. Bg5 d6 6. Nd5 Be6 7. c3 a6 8. b4 Ba7 9. Qb3 Bxf2+ 10. Kxf2 Ng4+ 11. Ke1 Qxg5 12. Nxc7+ Ke7 13. Nh3 Qe3+ 14. Kd1 Bxc4 15. Qxc4 Qh6 16. Nd5+ Kd8 17. b5 axb5 18. Qxb5 Ne3+ 19. Nxe3 Qxe3 20. Re1 Qa7 21. Kd2 f6 22. Rab1 Rb8 23. Rb2 Re8 24. Reb1 Re7 25. Qd5 Kc7 26. Ke2 Qa3 27. Qc4 Qc5 28. Qb3 Na5 29. Qc2 Nc6 30. Ng1 Rd7 31. Nf3 Kd8 32. Rb5 Qa7 33. Qb2 Ra8 34. Nd2 Qxa2 35. Rxb7 Rxb7 36. Qxa2 Rxa2 37. Rxb7 Ra7 38. Rb2 Kc7 39. Nc4 Ra1 40. h3 Ne7 41. Ne3 g6 42. d4 f5 43. dxe5 dxe5 44. Nd5+ Nxd5 45. exd5 Kd6 46. c4 Kc5 47. Rc2 Ra3 48. Kf2 f4 49. Ke1 e4 50. Kf2 g5 51. Ke2 h5 52. Rd2 Kd6 53. Rb2 Kc5 54. Rd2 e3 55. Rc2 g4 56. h4 Rb3 57. Rc1 Rb2+ 58. Kf1 f3 59. gxf3 gxf3 60. Rd1 Rf2+ 61. Kg1 Rg2+ 62. Kh1 f2 63. Rf1 Rg4 0-1

[Event "Africa-ch (Women)"]
[Site "Maputo"]
[Date "2011.06.05"]
[Round "2"]
[White "Mona, Khaled"]
[Black "Solomons, Anzel"]
[Result "1-0"]
[WhiteElo "2076"]
[BlackElo "1914"]
[PlyCount "59"]
[EventDate "2011.06.03"]
[EventType "swiss"]
[EventRounds "9"]
[EventCountry "MOZ"]
[SourceTitle "CBM 142 Extra"]
[Source "ChessBase"]
[SourceDate "2011.06.27"]
[SourceVersion "1"]
[SourceVersionDate "2011.06.27"]
[SourceQuality "1"]

1. d4 d5 2. Nf3 Nf6 3. e3 Bf5 4. c4 e6 5. Nc3 Nc6 6. Qa4 Qd7 7. c5 a6 8. Bb5 Rc8 9. Bxc6 Qxc6 10. Qxc6+ bxc6 11. Ne5 Nd7 12. Nxc6 f6 13. b4 Nb8 14. Na5 Bd3 15. Kd2 Bg6 16. a4 Be7 17. b5 0-0 18. Ba3 Rfe8 19. c6 Bxa3 20. Rxa3 Re7 21. Na2 Rce8 22. Nb4 axb5 23. axb5 Bf7 24. Nb3 e5 25. Rha1 f5 26. Ra8 f4 27. R1a7 exd4 28. Nxd4 fxe3+ 29. fxe3 Rxe3 30. Rxb8 1-0

[Event "Luanda op (Women)"]
[Site "Luanda"]
[Date "2011.05.18"]
[Round "2"]
[White "Rocha, Valquiria"]
[Black "Solomons, Anzel"]
[Result "0-1"]
[WhiteElo "1803"]
[BlackElo "1914"]
[PlyCount "78"]
[EventDate "2011.05.17"]
[EventType "tourn"]
[EventRounds "9"]
[EventCountry "ANG"]
[SourceTitle "EXT 2012"]
[Source "ChessBase"]
[SourceDate "2011.11.24"]
[SourceVersion "1"]
[SourceVersionDate "2011.11.24"]
[SourceQuality "1"]

1. e4 e5 2. Nf3 Nc6 3. Bc4 Be7 4. 0-0 Nf6 5. d3 0-0 6. a3 d6 7. h3 h6 8. c3 Kh8 9. Nh2 d5 10. exd5 Nxd5 11. Nf3 f5 12. Re1 Bf6 13. Bb3 Qd6 14. Nbd2 Nf4 15. Nc4 Qxd3 16. Ncxe5 Qxd1 17. Bxd1 Nxe5 18. Nxe5 Bxe5 19. Rxe5 Nd3 20. Re7 c6 21. Bc2 Nxc1 22. Rxc1 f4 23. Rce1 Bf5 24. Bxf5 Rxf5 25. Rxb7 f3 26. g4 Rg5 27. Kh2 h5 28. Kg3 hxg4 29. hxg4 Rf8 30. Rxa7 Rb5 31. b4 Rd5 32. Ree7 Rd1 33. Rxg7 Rg1+ 34. Kh4 Rf6 35. g5 Rf4+ 36. Kh5 Rf5 37. Kg6 Rfxg5+ 38. Kf6 Rxg7 39. Ra8+ Rg8 0-1